000 00827nam a2200253 i 4500
001 185520
003 SpMaBN
005 20250812075025.0
008 160628r1981 sp a |||| | spa d
020 _a84-306-1184-3
080 _a7:82
100 1 _aPraz, Mario.
_993726
245 1 0 _aMnemosyne
_b: el paralelismo entre la literatura y las artes visuales /
_cMario Praz ; versión castellana de Ricardo Pochtar.
260 _aMadrid :
_bTaurus,
_c[1981]
300 _a261 p. :
_bil. ;
_c24 cm.
490 1 _aEnsayistas ;
_v184
500 _aÍndices.
504 _aReferencias bibliográficas.
650 0 7 _aArte y literatura
_2embne
_910334
700 1 _aPochtar, Ricardo.
_992703
830 0 _aEnsayistas ;
_v184
_9177257
852 _aES-MaACL
_jL-30424
_z. - Donat. Miguel A. Velasco
999 _c185520
_d185520